[Event "Wisla Fianchetto op 5th"]
[Site "Wisla"]
[Date "2000.10.13"]
[Round "8.17"]
[White "Gnieciak, Miroslaw"]
[Black "Zielinski, Jan"]
[Result "0-1"]
[WhiteElo "2000"]
[BlackElo "2000"]
[PlyCount "67"]
[EventDate "2000.10.??"]
[EventType "swiss"]
[EventRounds "11"]
[EventCountry "POL"]
[SourceTitle "EXT 2005"]
[Source "ChessBase"]
[SourceDate "2004.11.15"]
[SourceVersion "1"]
[SourceVersionDate "2004.11.15"]
[SourceQuality "1"]

1. d4 Nf6 2. c4 g6 3. Nc3 d5 4. cxd5 Nxd5 5. e4 Nxc3 6. bxc3 Bg7 7. Bc4 0-0 8. Be3 c5 9. Ne2 cxd4 10. cxd4 e6 11. 0-0 Nc6 12. Qd2 a6 13. a4 Bd7 14. a5 Na7 15. Nc3 Rc8 16. Be2 Nc6 17. Na4 Nxa5 18. Nc5 Rxc5 19. dxc5 Nb3 20. Qa2 Nxa1 21. Rxa1 Bxa1 22. Qxa1 Bc6 23. Bd4 f6 24. f3 e5 25. Bc4+ Kg7 26. Bc3 Qd7 27. g4 g5 28. h4 h6 29. Kg2 Rd8 30. Bxe5 fxe5 31. Qxe5+ Kg6 32. hxg5 Qd2+ 33. Kh3 Qxg5 34. Be6 0-1

[Event "Wisla Fianchetto op 5th"]
[Site "Wisla"]
[Date "2000.10.12"]
[Round "6.17"]
[White "Gnieciak, Miroslaw"]
[Black "Brycki, Jerzy"]
[Result "1-0"]
[WhiteElo "2000"]
[BlackElo "2000"]
[PlyCount "53"]
[EventDate "2000.10.??"]
[EventType "swiss"]
[EventRounds "11"]
[EventCountry "POL"]
[SourceTitle "EXT 2005"]
[Source "ChessBase"]
[SourceDate "2004.11.15"]
[SourceVersion "1"]
[SourceVersionDate "2004.11.15"]
[SourceQuality "1"]

1. d4 c5 2. d5 d6 3. c4 Nf6 4. Nc3 g6 5. e4 Bg7 6. Be2 a6 7. a4 a5 8. h3 Na6 9. f4 Nd7 10. Nf3 Nb4 11. 0-0 b6 12. Re1 Qc7 13. Bf1 Ba6 14. e5 dxe5 15. fxe5 Nxe5 16. Bf4 Nxf3+ 17. Qxf3 Qb7 18. Bd6 0-0 19. Rxe7 Qc8 20. Qe4 Re8 21. Re1 Rxe7 22. Bxe7 Qd7 23. Bh4 Bd4+ 24. Kh1 Qd6 25. Qf3 Be5 26. Ne4 Qf8 27. Nf6+ 1-0

[Event "Wisla Fianchetto op 5th"]
[Site "Wisla"]
[Date "2000.10.08"]
[Round "2.16"]
[White "Szneider, Kazimierz"]
[Black "Gnieciak, Miroslaw"]
[Result "1-0"]
[WhiteElo "2007"]
[BlackElo "2000"]
[PlyCount "75"]
[EventDate "2000.10.??"]
[EventType "swiss"]
[EventRounds "11"]
[EventCountry "POL"]
[SourceTitle "EXT 2005"]
[Source "ChessBase"]
[SourceDate "2004.11.15"]
[SourceVersion "1"]
[SourceVersionDate "2004.11.15"]
[SourceQuality "1"]

1. d4 Nf6 2. c4 c5 3. d5 e6 4. Nc3 exd5 5. cxd5 d6 6. e4 g6 7. f3 Bg7 8. Be3 0-0 9. Qd2 a6 10. Nge2 Re8 11. Ng3 b5 12. Be2 Nbd7 13. 0-0 Bb7 14. Rab1 Rc8 15. Nd1 Ne5 16. Nf2 h5 17. Rfc1 Qe7 18. Bg5 Qc7 19. Bf1 Qb6 20. Ne2 a5 21. Nc3 Ba6 22. Be3 Qb7 23. b3 Rc7 24. a4 b4 25. Nb5 Bxb5 26. Bxb5 Rec8 27. Qe2 Qb6 28. Rd1 Re7 29. h3 Qd8 30. Bg5 Ned7 31. Bc6 Qb6 32. Rbc1 Ne5 33. Bb5 Rec7 34. f4 Ned7 35. e5 Nh7 36. exd6 Qxd6 37. Be7 Qxf4 38. d6 1-0